Logos de marques de papeterie - Statistiques

Statistiques générales
  • Ce quiz a été pris 392 fois
    102 depuis la dernière actualisation
  • Le résultat moyen est 8 sur 16
Statistiques - réponses
Par images Réponse % Correct
Bic
97%
Scotch
97%
Oxford
83%
Tipp-Ex
78%
Maped
76%
Clairefontaine
73%
Post-it
68%
Crayola
66%
Stabilo
65%
Cléopâtre
60%
Posca
41%
Exacompta
19%
Pilot
12%
Canson
8%
Conquérant
6%
Pitt
1%
Aucun quiz correspondant
Distribution des résultats
% des personnes avec chaque résultat
Percentile par nombre de réponses
Votre historique - résultats
Vous n’avez pas pris ce quiz depuis la dernière actualisation